[Event "40th ECC Open 2025"]
[Site "Rhodes GRE"]
[Date "2025.10.22"]
[Round "4.120"]
[White "Tashkinova, Sofiia"]
[Black "Bator, Robert"]
[Result "1-0"]
[WhiteTitle "WFM"]
[BlackTitle "IM"]
[WhiteElo "2036"]
[BlackElo "2299"]
[WhiteTeam "Rishon Le Zion #2"]
[BlackTeam "SK Rockaden #1 (SWE)"]
[WhiteFideId "14188309"]
[BlackFideId "1700405"]
[EventDate "2025.10.19"]
[EventType "team"]

1. e4 c5 2. Nf3 Nc6 3. Bb5 g6 4. O-O Bg7 5. c3 Nf6 6. Re1 O-O 7. d4 d5 8. e5 Ne4
9. Bxc6 bxc6 10. Be3 Qb6 11. Qc1 Rb8 12. b3 cxd4 13. cxd4 a5 14. Nc3 Nxc3 15.
Qxc3 Bg4 16. Nd2 Rbc8 17. f3 Bd7 18. Rac1 Rfe8 19. Bf4 e6 20. h4 Bf8 21. Be3 Qb4
22. Re2 Qxc3 23. Rxc3 Bb4 24. Rc1 Ba3 25. Rc2 Rc7 26. Nb1 Be7 27. Bg5 Bf8 28.
Rc1 c5 29. Rec2 Rec8 30. Be3 c4 31. a3 Rb7 32. bxc4 Rcb8 33. Nd2 Bxa3 34. Ra1
Bb4 35. cxd5 exd5 36. Nb3 Ra7 37. Nc5 Bb5 38. Bd2 Bc4 39. Rb2 Rba8 40. Bxb4 axb4
41. Rxa7 Rxa7 42. Rxb4 Ra1+ 43. Kh2 Ra2 44. Rb8+ Kg7 45. Rb7 Kf8 46. e6 fxe6 47.
Nxe6+ Kg8 48. Rg7+ Kh8 49. Rf7 h6 50. Rf4 Bf1 51. Rg4 Bd3 52. Nf4 Bf5 53. Nxg6+
Kg7 54. Rg3 Kf7 55. Ne5+ Ke6 56. Ng4 Kd6 57. Nxh6 Be6 58. Rg6 Ke7 59. Ng4 Rd2
60. h5 Rxd4 61. h6 Ra4 62. h7 Ra8 63. Rg7+ Kd6 64. Kg3 d4 65. Kf4 Kd5 66. Nf6+
Kc4 67. Ng8 Rf8+ 68. Ke5 1-0

[Event "40th ECC Open 2025"]
[Site "Rhodes GRE"]
[Date "2025.10.22"]
[Round "4.121"]
[White "Pijpers, Arthur"]
[Black "Tarhan, Adar"]
[Result "1/2-1/2"]
[WhiteTitle "GM"]
[BlackTitle "IM"]
[WhiteElo "2487"]
[BlackElo "2432"]
[WhiteTeam "LSG Leiden"]
[BlackTeam "Pausa Chess Team"]
[WhiteFideId "1019554"]
[BlackFideId "34544712"]
[EventDate "2025.10.19"]
[EventType "team"]

1. e4 e5 2. Nf3 Nc6 3. Bb5 Nf6 4. O-O Nxe4 5. d4 Nd6 6. Bxc6 dxc6 7. dxe5 Nf5 8.
Qxd8+ Kxd8 9. h3 Be7 10. Nc3 Bd7 11. g4 Nh4 12. Nxh4 Bxh4 13. Kg2 Ke8 14. Ne4
Be6 15. Bg5 Bxg5 16. Nxg5 Bd5+ 17. Kg3 Rd8 18. f4 Ke7 19. f5 h6 20. Nf3 Bxf3 21.
Kxf3 Rd2 22. Rf2 Rhd8 23. Re1 Rxf2+ 24. Kxf2 Rd2+ 25. Re2 Rd1 26. Re1 Rd2+ 27.
Re2 Rd1 28. Re1 Rd2+ 29. Re2 Rd1 30. Re1 Rd2+ 1/2-1/2

[Event "40th ECC Open 2025"]
[Site "Rhodes GRE"]
[Date "2025.10.22"]
[Round "4.122"]
[White "Durak, Can"]
[Black "De Jong, Jan-Willem"]
[Result "1-0"]
[WhiteTitle "IM"]
[BlackTitle "IM"]
[WhiteElo "2425"]
[BlackElo "2420"]
[WhiteTeam "Pausa Chess Team"]
[BlackTeam "LSG Leiden"]
[WhiteFideId "44552971"]
[BlackFideId "1008641"]
[EventDate "2025.10.19"]
[EventType "team"]

1. Nf3 d5 2. g3 Nd7 3. d4 Nb6 4. Nbd2 Bf5 5. Nh4 Bg4 6. h3 Bh5 7. Bg2 c6 8. a4
a5 9. O-O e6 10. Nhf3 Nf6 11. Ne5 Nfd7 12. Nd3 Be7 13. Nf4 Bg6 14. e4 Bxe4 15.
Nxe4 dxe4 16. Bxe4 O-O 17. c3 Nd5 18. Nd3 Qb6 19. Qe2 Rfe8 20. Ne5 N7f6 21. Bc2
c5 22. g4 Bd6 23. Qd3 Qa6 24. Qxa6 Rxa6 25. Bd3 Raa8 26. Nc4 Be7 27. dxc5 Bxc5
28. Be2 b6 29. g5 Nd7 30. h4 Rad8 31. Nd2 Ne5 32. Ne4 f5 33. gxf6 Nxf6 34. Nxc5
bxc5 35. Bf4 Ng6 36. Bg3 e5 37. Bb5 Rf8 38. Rad1 Ne4 39. Rfe1 Nd2 40. Bc6 Rd6
41. Bg2 Rf5 42. Kh1 Rh5 43. Bh3 Nxh4 44. Rxe5 Rxe5 45. Bxe5 Rd3 46. Bf1 Rd7 47.
Bf4 Nhf3 48. Bh3 Rd8 49. Bg4 g5 50. Be3 1-0

[Event "40th ECC Open 2025"]
[Site "Rhodes GRE"]
[Date "2025.10.22"]
[Round "4.123"]
[White "Bosman, Michiel"]
[Black "Oktem, Ege Tuna"]
[Result "1/2-1/2"]
[WhiteTitle "IM"]
[BlackTitle "FM"]
[WhiteElo "2306"]
[BlackElo "2367"]
[WhiteTeam "LSG Leiden"]
[BlackTeam "Pausa Chess Team"]
[WhiteFideId "1000721"]
[BlackFideId "26314363"]
[EventDate "2025.10.19"]
[EventType "team"]

1. c4 e6 2. Nf3 Nf6 3. g3 Be7 4. Bg2 d5 5. d4 O-O 6. O-O c6 7. Qc2 b6 8. Bf4 Bb7
9. Rd1 Nbd7 10. Ne5 Rc8 11. Nc3 Nh5 12. Be3 Nhf6 13. Bf4 b5 14. Nxd7 Nxd7 15.
cxb5 cxb5 16. a3 a6 17. e4 Nb6 18. e5 Nc4 19. Rd3 a5 20. Qb3 Qd7 21. Bf1 Bc6 22.
Bc1 b4 23. axb4 axb4 24. Ne2 Nb6 25. Qd1 Rc7 26. b3 Bb5 27. Rd2 Rfc8 28. Rda2
Qe8 29. h4 Nd7 30. Bh3 Nb8 31. Nf4 Qd7 32. Be3 Bf8 33. g4 Rc6 34. g5 Qd8 35. Kh2
Be7 36. Bg4 Nd7 37. Ra5 Rb6 38. R5a2 Nf8 39. Rc1 Rb7 40. Kg1 1/2-1/2

[Event "40th ECC Open 2025"]
[Site "Rhodes GRE"]
[Date "2025.10.22"]
[Round "4.124"]
[White "Aydin, Gulenay"]
[Black "Sirin, Atakan"]
[Result "0-1"]
[WhiteTitle "WIM"]
[BlackTitle "FM"]
[WhiteElo "2237"]
[BlackElo "2346"]
[WhiteTeam "Pausa Chess Team"]
[BlackTeam "LSG Leiden"]
[WhiteFideId "34557431"]
[BlackFideId "6303307"]
[EventDate "2025.10.19"]
[EventType "team"]

1. e4 e6 2. d4 d5 3. Nd2 Nf6 4. e5 Nfd7 5. Ngf3 c5 6. c3 Nc6 7. Bd3 cxd4 8. cxd4
f6 9. exf6 Nxf6 10. O-O Bd6 11. Re1 O-O 12. Nb3 Ng4 13. h3 Nxf2 14. Kxf2 Qh4+
15. Ke2 Qg3 16. Rg1 Rxf3 17. gxf3 Qh2+ 18. Kf1 e5 19. Be3 Bxh3+ 20. Ke1 Bb4+ 21.
Nd2 Nxd4 22. Bf2 Bxd2+ 23. Kxd2 Qxf2+ 24. Kc1 Rc8+ 25. Kb1 Nxf3 0-1

[Event "40th ECC Open 2025"]
[Site "Rhodes GRE"]
[Date "2025.10.22"]
[Round "4.125"]
[White "Roobol, Martin"]
[Black "Senel, Hayri Beyhun"]
[Result "1/2-1/2"]
[WhiteTitle "FM"]
[BlackTitle "FM"]
[WhiteElo "2262"]
[BlackElo "2129"]
[WhiteTeam "LSG Leiden"]
[BlackTeam "Pausa Chess Team"]
[WhiteFideId "1004468"]
[BlackFideId "26314690"]
[EventDate "2025.10.19"]
[EventType "team"]

1. d4 d5 2. Nf3 Nf6 3. e3 e6 4. b3 c5 5. Bb2 Nc6 6. Bd3 b6 7. O-O Bb7 8. Nbd2
Be7 9. a3 O-O 10. c4 dxc4 11. bxc4 Re8 12. Qe2 Bf8 13. Rfd1 Qe7 14. Nb3 cxd4 15.
exd4 g6 16. c5 Bg7 17. Ba6 Nd5 18. Rac1 Rec8 19. Rc2 bxc5 20. Bxb7 Qxb7 21. Nxc5
Qe7 22. Rdc1 Nb6 23. Qb5 Bh6 24. Re1 Nd8 25. Bc1 Bxc1 26. Rexc1 Nb7 27. h4 Nd6
28. Qe2 Nd5 29. Qe5 Rd8 30. Na6 Nf5 31. Nc7 Nxc7 32. Rxc7 Rd7 33. Rxd7 Qxd7 34.
Rc7 Qd6 35. Ng5 Qxe5 36. dxe5 Rf8 37. Rxa7 Nxh4 38. a4 h6 39. Ne4 Nf5 40. a5 Nd4
41. a6 Nc6 42. Rc7 Nxe5 43. a7 Ra8 44. Nd6 Nc6 45. Rc8+ Rxc8 46. Nxc8 Nxa7 47.
Nxa7 e5 48. Nc6 f6 49. Kf1 Kf7 50. Ke2 Ke6 51. Ke3 f5 52. Nb4 h5 53. Nd3 g5 54.
f3 Kf6 55. Nf2 Ke6 56. Nd3 1/2-1/2

[Event "40th ECC Open 2025"]
[Site "Rhodes GRE"]
[Date "2025.10.22"]
[Round "4.126"]
[White "Yaramis, Hakan"]
[Black "Hofman, Marnix"]
[Result "1-0"]
[WhiteElo "1978"]
[BlackElo "2218"]
[WhiteTeam "Pausa Chess Team"]
[BlackTeam "LSG Leiden"]
[WhiteFideId "6304613"]
[BlackFideId "1008668"]
[EventDate "2025.10.19"]
[EventType "team"]

1. d4 Nf6 2. c4 e6 3. Nc3 Bb4 4. Nf3 d6 5. g3 Bxc3+ 6. bxc3 b6 7. Bg2 Bb7 8. O-O
O-O 9. Nd2 Bxg2 10. Kxg2 c5 11. e4 cxd4 12. cxd4 e5 13. d5 Nbd7 14. Ba3 Qc7 15.
Qe2 Nc5 16. Rac1 Rac8 17. g4 Qe7 18. Rc3 Nfd7 19. Kh1 Rfe8 20. Rh3 f6 21. Nb3
Nb7 22. Rg1 g5 23. Rc3 Nf8 24. Rgc1 Ng6 25. R1c2 Kg7 26. Bc1 Rh8 27. Be3 h5 28.
gxh5 Nh4 29. Qg4 Kh6 30. Qxh4 Kg7 31. Qg4 Qe8 32. Bxg5 Qxh5 33. Qd7+ Kg6 34.
Qf5+ 1-0

[Event "40th ECC Open 2025"]
[Site "Rhodes GRE"]
[Date "2025.10.22"]
[Round "4.127"]
[White "De Schampheleire, Glen"]
[Black "Sahidi, Samir"]
[Result "1/2-1/2"]
[WhiteTitle "IM"]
[BlackTitle "IM"]
[WhiteElo "2358"]
[BlackElo "2490"]
[WhiteTeam "KBSK Brugge"]
[BlackTeam "SK K Cero Invest Nitra"]
[WhiteFideId "208701"]
[BlackFideId "14936372"]
[EventDate "2025.10.19"]
[EventType "team"]

1. Nf3 d5 2. g3 c6 3. Bg2 Bg4 4. h3 Bxf3 5. Bxf3 Nd7 6. d3 Ngf6 7. O-O e5 8. e4
dxe4 9. dxe4 Bc5 10. a4 O-O 11. Nd2 a5 12. Qe2 Qe7 13. Nc4 Qe6 14. Kg2 Nb6 15.
Ne3 Rfd8 16. Nf5 g6 17. Nh6+ Kg7 18. b3 Ng8 19. Nxg8 Rxg8 20. Bd2 Nd7 21. Rad1
Nf6 22. Bc3 h5 23. Qd2 b6 24. Qg5 Rae8 25. Rd3 Nh7 26. Qd2 Be7 27. h4 Rd8 28.
Rd1 Rxd3 29. Qxd3 Rd8 30. Qf1 Rxd1 31. Bxd1 Nf6 32. f3 Nd7 33. Be2 Bb4 34. Bb2
Qd6 35. Bc4 Kf8 36. Qd3 Ke7 37. Qxd6+ Bxd6 38. Bc1 Bb4 39. Bg5+ f6 40. Be3 Be1
41. Kh3 c5 42. g4 Nf8 43. g5 f5 44. f4 fxe4 45. fxe5 Nd7 46. Bf4 Bf2 47. Kg2
Bxh4 48. Bd5 Nf8 49. Kh3 Be1 50. Bxe4 Ke6 51. Bb7 Kf5 52. Bc8+ Kxf4 53. e6 Nxe6
54. Bxe6 Kxg5 55. Bf7 Kh6 56. Kg2 g5 57. Kf3 g4+ 58. Kf4 Bd2+ 59. Kf5 g3 60. Bd5
Kg7 61. Bg2 Kf7 62. Ke4 Ke6 63. Bh3+ Kd6 64. Kf3 Be1 65. Bf1 Ke5 66. Bd3 h4 67.
Kg2 Kf4 68. Bb5 Bc3 69. Bd7 Be5 70. Be6 Ke3 71. Bd7 c4 72. Be6 c3 73. Bd7 Kd2
74. Bf5 Kd1 75. Kh3 Ke2 76. Kg2 Ke3 1/2-1/2

[Event "40th ECC Open 2025"]
[Site "Rhodes GRE"]
[Date "2025.10.22"]
[Round "4.128"]
[White "Haring, Filip"]
[Black "Vantorre, Nils"]
[Result "1-0"]
[WhiteTitle "IM"]
[WhiteElo "2479"]
[BlackElo "2221"]
[WhiteTeam "SK K Cero Invest Nitra"]
[BlackTeam "KBSK Brugge"]
[WhiteFideId "14933080"]
[BlackFideId "258474"]
[EventDate "2025.10.19"]
[EventType "team"]

1. e4 c5 2. Nf3 d6 3. Bb5+ Nc6 4. O-O Bd7 5. Re1 a6 6. Bxc6 Bxc6 7. d4 cxd4 8.
Nxd4 Nf6 9. Nxc6 bxc6 10. Qf3 g6 11. e5 dxe5 12. Qxc6+ Nd7 13. Rd1 Qc8 14. Qa4
Qb7 15. Nc3 Rc8 16. Bg5 Qc6 17. Qg4 h6 18. Bh4 Bg7 19. Nd5 Nf6 20. Bxf6 Bxf6 21.
Nxf6+ exf6 22. Qb4 Qxc2 23. Qa3 a5 24. g3 Qc5 25. Rac1 Qxc1 26. Rxc1 Rxc1+ 27.
Kg2 Kd7 28. Qxa5 Rhc8 29. b4 Rb1 30. Qb5+ Kc7 31. a4 Rb2 32. a5 Kd6 33. a6 Rcc2
34. Qb6+ 1-0

[Event "40th ECC Open 2025"]
[Site "Rhodes GRE"]
[Date "2025.10.22"]
[Round "4.129"]
[White "Cardon, Helmut"]
[Black "Stohl, Igor"]
[Result "0-1"]
[WhiteTitle "IM"]
[BlackTitle "GM"]
[WhiteElo "2307"]
[BlackElo "2394"]
[WhiteTeam "KBSK Brugge"]
[BlackTeam "SK K Cero Invest Nitra"]
[WhiteFideId "1000365"]
[BlackFideId "14900025"]
[EventDate "2025.10.19"]
[EventType "team"]

1. d4 Nf6 2. c4 e6 3. Nc3 d5 4. cxd5 exd5 5. Bg5 Be6 6. e3 Nbd7 7. Nf3 c6 8. Bd3
Bd6 9. Qc2 Qc7 10. O-O-O h6 11. Bh4 O-O-O 12. Kb1 Rde8 13. Rc1 Kb8 14. Bg3 Bxg3
15. hxg3 Nb6 16. Na4 Nxa4 17. Qxa4 Ne4 18. Bxe4 dxe4 19. Ne5 Rd8 20. Rc3 Rd5 21.
Ra3 a6 22. Rc1 Rc8 23. Qc2 Ra5 24. Rxa5 Qxa5 25. Nc4 Bxc4 26. Qxc4 Qd5 27. Qxd5
cxd5 28. Rxc8+ Kxc8 29. b4 Kd7 30. a4 b5 31. axb5 axb5 32. Kc2 Ke6 33. Kd2 Kf5
34. f3 h5 35. Ke2 g6 36. Kd2 g5 37. Ke2 exf3+ 38. gxf3 g4 39. Kf2 gxf3 40. Kxf3
f6 41. e4+ dxe4+ 42. Ke3 Kg4 43. Kxe4 Kxg3 44. d5 h4 45. d6 h3 46. d7 h2 47.
d8=Q h1=Q+ 48. Kf5 Qh5+ 49. Ke6 Qe5+ 50. Kf7 f5 51. Qd3+ Kf4 52. Qf1+ Ke4 53.
Qe2+ Kd4 54. Qb2+ Kd5 55. Qb3+ Kd6 56. Qa3 Kd5 57. Qd3+ Kc6 58. Qa3 Kb7 59. Kg6
f4 60. Qf3+ Kc7 61. Qb3 Qe4+ 62. Kg5 f3 63. Qc3+ Kd7 64. Kh5 Qf5+ 0-1

[Event "40th ECC Open 2025"]
[Site "Rhodes GRE"]
[Date "2025.10.22"]
[Round "4.130"]
[White "Bochnicka, Vladimir ml."]
[Black "Decoster, Frederic"]
[Result "1-0"]
[WhiteTitle "IM"]
[BlackTitle "FM"]
[WhiteElo "2347"]
[BlackElo "2288"]
[WhiteTeam "SK K Cero Invest Nitra"]
[BlackTeam "KBSK Brugge"]
[WhiteFideId "14943450"]
[BlackFideId "204269"]
[EventDate "2025.10.19"]
[EventType "team"]

1. e4 c5 2. Nf3 e6 3. d4 cxd4 4. Nxd4 a6 5. Bd3 Bc5 6. Nb3 Ba7 7. c4 Ne7 8. Nc3
Nbc6 9. Qe2 O-O 10. O-O d5 11. exd5 exd5 12. Bg5 dxc4 13. Bxc4 Qc7 14. Rad1 b5
15. Bd5 Bb8 16. f4 Ba7+ 17. Kh1 Nf5 18. Qf3 Bb7 19. Be4 Ne3 20. Rd3 f5 21. Bd5+
Nxd5 22. Nxd5 Qf7 23. Ne7+ Nxe7 24. Qxb7 Qc4 25. Rfd1 1-0

[Event "40th ECC Open 2025"]
[Site "Rhodes GRE"]
[Date "2025.10.22"]
[Round "4.131"]
[White "Piceu, Tom"]
[Black "Jablonicky, Martin"]
[Result "1/2-1/2"]
[WhiteTitle "IM"]
[BlackTitle "IM"]
[WhiteElo "2285"]
[BlackElo "2330"]
[WhiteTeam "KBSK Brugge"]
[BlackTeam "SK K Cero Invest Nitra"]
[WhiteFideId "201952"]
[BlackFideId "14925621"]
[EventDate "2025.10.19"]
[EventType "team"]

1. d4 f5 2. Bg5 Nf6 3. Bxf6 exf6 4. e3 d5 5. Bd3 Be6 6. Ne2 Bd6 7. Nd2 g6 8. h4
h5 9. c3 Nc6 10. g3 Qd7 11. Nf4 Bf7 12. Qf3 Ne7 13. O-O-O c6 14. Kb1 O-O-O 15.
Nb3 b6 16. Rc1 Bc7 17. c4 g5 18. Ne2 dxc4 19. Bxc4 Bxc4 20. Rxc4 Qd5 21. Qxd5
cxd5 22. Rc2 Kb7 23. Nd2 gxh4 24. Rxh4 Ng6 25. Rh1 h4 26. gxh4 Rxh4 27. Rxh4
Nxh4 28. Rc1 f4 29. Rh1 Ng2 30. Rg1 fxe3 31. Rxg2 exd2 32. Kc2 Rd7 33. Kxd2 1/2-1/2

[Event "40th ECC Open 2025"]
[Site "Rhodes GRE"]
[Date "2025.10.22"]
[Round "4.132"]
[White "Chovan, Milan"]
[Black "Versyck, Dominique"]
[Result "1/2-1/2"]
[WhiteTitle "FM"]
[WhiteElo "2304"]
[BlackElo "2071"]
[WhiteTeam "SK K Cero Invest Nitra"]
[BlackTeam "KBSK Brugge"]
[WhiteFideId "14933691"]
[BlackFideId "244333"]
[EventDate "2025.10.19"]
[EventType "team"]

1. d4 e6 2. e4 d5 3. Nc3 Bb4 4. Ne2 dxe4 5. a3 Be7 6. Nxe4 Nf6 7. Qd3 Nc6 8. Bf4
b6 9. O-O-O Bb7 10. f3 Qd7 11. N2c3 O-O-O 12. Nxf6 Bxf6 13. Nb5 Bxd4 14. Bxc7
Be3+ 15. Kb1 Qxd3 16. Bxd3 Rd7 17. Bg3 Rhd8 18. Bh4 g5 19. Bg3 f5 20. Rdf1 a6
21. Nc3 Bd4 22. Bc4 Re7 23. Ne2 f4 24. Bf2 Bxf2 25. Rxf2 b5 26. Ba2 e5 27. Nc3
Nd4 28. Re1 Nf5 29. Kc1 Ne3 30. Nd1 Rxd1+ 31. Rxd1 Nxd1 32. Kxd1 e4 33. fxe4
Rxe4 34. c3 1/2-1/2

[Event "40th ECC Open 2025"]
[Site "Rhodes GRE"]
[Date "2025.10.22"]
[Round "4.133"]
[White "Annaberdiyev, Meylis"]
[Black "Seel, Christian"]
[Result "1-0"]
[WhiteTitle "GM"]
[BlackTitle "IM"]
[WhiteElo "2408"]
[BlackElo "2481"]
[WhiteTeam "Konya Yildiz Satranc SK"]
[BlackTeam "KSK Rochade (BEL)"]
[WhiteFideId "14000563"]
[BlackFideId "4663098"]
[EventDate "2025.10.19"]
[EventType "team"]

1. e4 d6 2. d4 Nf6 3. Nc3 e5 4. Nf3 Nbd7 5. a4 Be7 6. a5 O-O 7. Be2 c6 8. O-O
exd4 9. Nxd4 Nc5 10. f3 d5 11. e5 Ne8 12. a6 f6 13. exf6 Rxf6 14. Bg5 Rg6 15.
axb7 Bxb7 16. Bxe7 Qxe7 17. Qd2 Ne6 18. Bd3 Rf6 19. Nxe6 Rxe6 20. Rfe1 Rxe1+ 21.
Rxe1 Qd6 22. Qe3 Nf6 23. Qe7 Qxe7 24. Rxe7 Rb8 25. Na4 Kf8 26. Rc7 Ne8 27. Rd7
a5 28. b3 Bc8 29. Ra7 Kg8 30. Rxa5 Nd6 31. Nc5 Bf5 32. Ra6 Bxd3 33. Nxd3 Nb5 34.
Rxc6 Nd4 35. Rc5 Ra8 36. Kf2 Ra1 37. Nb4 Rc1 38. Nxd5 Nxb3 39. Rc8+ Kf7 40. Rc7+
Ke6 41. cxb3 1-0

[Event "40th ECC Open 2025"]
[Site "Rhodes GRE"]
[Date "2025.10.22"]
[Round "4.134"]
[White "Nagy, Gabor1"]
[Black "Yurtseven, Melih"]
[Result "1-0"]
[WhiteTitle "GM"]
[BlackTitle "IM"]
[WhiteElo "2441"]
[BlackElo "2352"]
[WhiteTeam "KSK Rochade (BEL)"]
[BlackTeam "Konya Yildiz Satranc SK"]
[WhiteFideId "737119"]
[BlackFideId "6312160"]
[EventDate "2025.10.19"]
[EventType "team"]

1. c4 Nf6 2. Nf3 g6 3. Nc3 Bg7 4. d4 O-O 5. Bg5 d6 6. e3 c6 7. Be2 Qc7 8. h3 e5
9. O-O Nbd7 10. Qc2 b6 11. Rfd1 Bb7 12. Bh4 Rae8 13. Rac1 h6 14. Bg3 a6 15. b4
Re7 16. c5 Nh5 17. cxd6 Qxd6 18. dxe5 Qxb4 19. Bh4 g5 20. Bxg5 hxg5 21. Nxg5 f5
22. Rd4 Qa3 23. Ra4 Qc5 24. Qb3+ Kh8 25. Rh4 Bxe5 26. Rxh5+ Kg7 27. Ne6+ Rxe6
28. Qxe6 1-0

[Event "40th ECC Open 2025"]
[Site "Rhodes GRE"]
[Date "2025.10.22"]
[Round "4.135"]
[White "Citak, Selim"]
[Black "Glek, Igor"]
[Result "1/2-1/2"]
[WhiteTitle "FM"]
[BlackTitle "GM"]
[WhiteElo "2308"]
[BlackElo "2432"]
[WhiteTeam "Konya Yildiz Satranc SK"]
[BlackTeam "KSK Rochade (BEL)"]
[WhiteFideId "6301819"]
[BlackFideId "4100484"]
[EventDate "2025.10.19"]
[EventType "team"]

1. d4 Nf6 2. c4 g6 3. Nc3 Bg7 4. e4 d6 5. Be2 O-O 6. Nf3 Na6 7. O-O e5 8. d5 Nc5
9. Qc2 a5 10. Bg5 h6 11. Be3 b6 12. Nd2 Bg4 13. Bxg4 Nxg4 14. Bxc5 bxc5 15. Nf3
h5 16. h3 Nh6 17. Qd2 Kh8 18. g3 Ng8 19. Nh4 Bf6 20. Ng2 h4 21. g4 Bg5 22. Qe2
Qe7 23. Nb5 Nh6 24. a4 Bf4 25. Qf3 Bg5 26. Qe2 Bf4 27. Qf3 Bg5 28. Qe2 Bf4 29.
Qf3 Bg5 30. Qe2 Bf4 31. Qf3 Bg5 32. Qe2 Bf4 33. Qf3 Bg5 34. Qe2 1/2-1/2

[Event "40th ECC Open 2025"]
[Site "Rhodes GRE"]
[Date "2025.10.22"]
[Round "4.136"]
[White "Berczes, David"]
[Black "Guleryuz, Kuzey"]
[Result "1/2-1/2"]
[WhiteTitle "GM"]
[BlackTitle "CM"]
[WhiteElo "2419"]
[BlackElo "2256"]
[WhiteTeam "KSK Rochade (BEL)"]
[BlackTeam "Konya Yildiz Satranc SK"]
[WhiteFideId "722960"]
[BlackFideId "44500203"]
[EventDate "2025.10.19"]
[EventType "team"]

1. Nf3 d5 2. e3 Nf6 3. c4 c6 4. Nc3 e6 5. Qc2 Nbd7 6. d4 b6 7. cxd5 cxd5 8. Nb5
Bb4+ 9. Bd2 Bxd2+ 10. Nxd2 O-O 11. Bd3 a6 12. Nc3 Bb7 13. O-O b5 14. b4 Qe7 15.
a3 e5 16. Nb3 e4 17. Be2 Rfb8 18. Rfb1 Bc8 19. Nc5 Nb6 20. a4 bxa4 21. N5xa4 Qd6
22. Qa2 Bg4 23. Nc5 Re8 24. h3 Bxe2 25. Qxe2 Nc4 26. Rc1 Qb6 27. Nxd5 Nxd5 28.
Qxc4 Nxb4 29. Rcb1 a5 30. Nxe4 Qg6 31. Nd2 Rac8 32. Qb5 Red8 33. Qxa5 Nc2 34.
Ra2 Qd3 35. Rb3 Qe2 36. Nf3 Qd1+ 37. Kh2 Nxd4 38. Nxd4 Rxd4 39. exd4 Qxb3 40. d5
Qb8+ 41. g3 g6 42. Qa6 Rd8 43. Qc6 Qe5 44. Ra8 Rxa8 45. Qxa8+ Kg7 46. Qc6 Qf5
47. Qc3+ Qf6 48. Qd2 Qd6 49. h4 Kf8 50. Qd4 Ke7 51. Kg2 Kd7 52. Kf3 h5 53. Qa7+
Ke8 54. Qa8+ Ke7 55. Qb7+ Kf8 56. Ke4 Qc5 57. Qb8+ Kg7 58. Qe5+ Kg8 59. Qd4 Qd6
60. Qc4 Qf6 61. Qc5 Qf5+ 62. Ke3 Kh7 63. Qd4 Kg8 64. d6 Qe6+ 65. Kf3 Qd7 66. Qd5
Kf8 67. Qe5 Qc6+ 68. Kf4 Qc1+ 69. Qe3 Qc4+ 70. Qe4 Qc1+ 71. Qe3 Qc4+ 72. Qe4
Qc1+ 1/2-1/2

[Event "40th ECC Open 2025"]
[Site "Rhodes GRE"]
[Date "2025.10.22"]
[Round "4.137"]
[White "Olcum, Ahmet"]
[Black "Harff, Marcel"]
[Result "0-1"]
[WhiteTitle "FM"]
[BlackTitle "FM"]
[WhiteElo "2221"]
[BlackElo "2319"]
[WhiteTeam "Konya Yildiz Satranc SK"]
[BlackTeam "KSK Rochade (BEL)"]
[WhiteFideId "6311393"]
[BlackFideId "24621382"]
[EventDate "2025.10.19"]
[EventType "team"]

1. d4 Nf6 2. Bf4 e6 3. e3 d5 4. Nf3 c5 5. Nbd2 Bd6 6. Bg3 O-O 7. c3 Qc7 8. Ne5
Nfd7 9. Bd3 f5 10. Ndf3 c4 11. Bc2 Nc6 12. Nxd7 Bxd7 13. Qd2 b5 14. Bf4 a5 15.
h4 b4 16. O-O Rfb8 17. Ng5 a4 18. a3 bxc3 19. bxc3 Na5 20. Qd1 Bxf4 21. exf4 h6
22. Nf3 Be8 23. Ne5 Qe7 24. g3 Rb2 25. Qc1 Rb6 26. Ra2 Rab8 27. Re1 Qb7 28. Qd1
Qe7 29. Kg2 g6 30. Re3 Nb3 31. Qe1 Qf6 32. Nf3 Kf8 33. Re5 Rd6 34. Qe3 Bf7 35.
h5 Ke7 36. hxg6 Bxg6 37. Nh4 Kd7 38. Bd1 Bf7 39. Kh2 Kc6 40. Be2 Na5 41. Qc1 Kc7
42. Bd1 Be8 43. Rae2 Bd7 44. Bc2 Rdb6 45. Qe1 Qf7 46. Kg2 Rd6 47. Qd1 Rb3 48.
Qe1 Rxa3 49. Nxf5 exf5 50. Re7 Qf8 51. R2e6 Nc6 52. Rxd6 Kxd6 53. Rh7 Qe8 54.
Qb1 Rxc3 55. Rxh6+ Kc7 56. Rh7 Rxc2 57. Qxc2 Qe4+ 58. Qxe4 dxe4 59. Rh1 Nxd4 60.
Rc1 Bb5 61. g4 fxg4 62. Rc3 Kd6 63. Rg3 Bd7 64. f5 Nxf5 0-1

[Event "40th ECC Open 2025"]
[Site "Rhodes GRE"]
[Date "2025.10.22"]
[Round "4.138"]
[White "Coenen, Norbert"]
[Black "Demirci, Fatih"]
[Result "1-0"]
[WhiteTitle "IM"]
[WhiteElo "2263"]
[BlackElo "1871"]
[WhiteTeam "KSK Rochade (BEL)"]
[BlackTeam "Konya Yildiz Satranc SK"]
[WhiteFideId "4619455"]
[BlackFideId "6388663"]
[EventDate "2025.10.19"]
[EventType "team"]

1. e4 d5 2. exd5 Nf6 3. d4 Bg4 4. Nf3 Qxd5 5. Be2 Nc6 6. h3 Bxf3 7. Bxf3 Qe6+ 8.
Be3 Nd5 9. Qd3 Ncb4 10. Qd2 Qa6 11. Na3 e5 12. Be2 Qg6 13. O-O O-O-O 14. dxe5 f5
15. exf6 gxf6 16. Qd4 Nc6 17. Qg4+ f5 18. Qxg6 hxg6 19. Bg5 Bxa3 20. bxa3 Rd6
21. Rfe1 Nd4 22. Bd3 Ne6 23. Bc1 Ndf4 24. Bf1 g5 25. Bb2 Rh7 26. Rad1 Rc6 27.
Rd2 g4 28. hxg4 fxg4 29. Be5 b5 30. Bxb5 Rb6 31. a4 Rh5 32. Bc4 Kb7 33. a5 Rb4
34. Bf1 Kc6 35. Rdd1 Rb8 36. a4 Rg8 37. Bb5+ Kc5 38. Re3 Nd5 39. Re4 Rxe5 40.
Rxe5 Nf4 41. c4 1-0

[Event "40th ECC Open 2025"]
[Site "Rhodes GRE"]
[Date "2025.10.22"]
[Round "4.139"]
[White "Laurusas, Tomas"]
[Black "Cherniaiev, Tykhon"]
[Result "1/2-1/2"]
[WhiteTitle "GM"]
[BlackTitle "FM"]
[WhiteElo "2504"]
[BlackElo "2327"]
[WhiteTeam "Vilnius MRU-ROSK Consulting"]
[BlackTeam "Differdange"]
[WhiteFideId "12803731"]
[BlackFideId "14182360"]
[EventDate "2025.10.19"]
[EventType "team"]

1. Nf3 Nf6 2. g3 b5 3. Bg2 Bb7 4. O-O e6 5. d3 d5 6. c4 a6 7. cxd5 Bxd5 8. a4
Bb7 9. Nc3 b4 10. Nb1 Be7 11. Nbd2 O-O 12. Nc4 a5 13. Bg5 h6 14. Bxf6 Bxf6 15.
Nfd2 Bd5 16. Nb3 c6 17. Qc2 Bxc4 18. dxc4 Qc7 19. Rad1 Nd7 20. c5 Be7 21. Rd2
Rad8 22. h4 Nb8 23. Rfd1 Rxd2 24. Rxd2 Rd8 25. h5 Rxd2 26. Qxd2 Qd8 27. Qc2 Qc7
28. Bf3 Nd7 29. Kg2 Qa7 30. e3 Nxc5 31. Nd4 Bf6 32. Nxc6 b3 33. Qc4 Qb6 34. Qf4
Bxb2 35. Qd6 Kh7 36. Qf8 Bf6 37. Qxf7 b2 38. Qg6+ Kh8 39. Qe8+ Kh7 40. Qg6+ Kh8
41. Qe8+ Kh7 42. Qg6+ 1/2-1/2